000 00665nam a2200217Ia 4500
005 20240111092505.0
008 131103s9999 xx 000 0 und d
020 _a05832471 8
_cGBP 1.00
040 _aLoreto College
041 _aEnglish
082 _a370
_bAND
100 _aAnderson, Dame Kitty
245 _aBoarders Away,
_bAn Account of British India Educational Cruises,
_cDame Kitty Anderson, John Wolfenden and John Newsom
260 _aLondon
_bLongman
_c1973
300 _aix, 124 p.
_b ill.,tables,photos
504 _aIncludes appendix and bibliography
650 _aEducation
700 _aWolferden, John
850 _aLCLIB
942 _cBK
999 _c2828
_d53307